|
|
|
|
| LEADER |
00983nam a2200241 i 4500 |
| 001 |
c000307210 |
| 003 |
CARM |
| 005 |
00000000000000.0 |
| 008 |
840316s1975 po 0 eng d |
| 019 |
1 |
|
|a 3848681
|5 LACONCORD2021
|
| 035 |
|
|
|a (OCoLC)2787420
|5 LACONCORD2021
|
| 082 |
0 |
4 |
|a 581.6409469
|
| 100 |
1 |
|
|a Costa, Aloísio Fernandes,
|d 1906-
|
| 245 |
1 |
0 |
|a Elementos da flora aromatica :
|b o laboratorio de Farmacognosia no estudo dos oleos essenciais de Portugal e Angola.
|
| 260 |
|
|
|a Lisboa :
|b Junta de Investigacoes Cientificas do Ultramar,
|c 1975.
|
| 300 |
|
|
|a 295 p. :
|b ill.
|
| 500 |
|
|
|a Bibliography: p. 265-277.
|
| 650 |
|
0 |
|a Aromatic plants
|z Portugal.
|
| 650 |
|
0 |
|a Aromatic plants
|z Angola.
|
| 650 |
|
0 |
|a Essences and essential oils.
|
| 852 |
8 |
|
|b CARM
|h A1:AQ36E0
|i C11135
|p 0502681
|f BK
|
| 999 |
f |
f |
|i 832f4024-9b5a-54fe-ae88-8cc96ea1f6f3
|s e015daa7-8133-5a88-919a-0b7ab662efc6
|
| 952 |
f |
f |
|p Can circulate
|a CAVAL
|b CAVAL
|c CAVAL
|d CARM 1 Store
|e C11135
|f A1:AQ36E0
|h Other scheme
|i book
|m 0502681
|